Tannhauser (Record no. 169806)
[ view plain ]
| 000 -LEADER | |
|---|---|
| campo de control de longitud fija | 00736nam a22002055i 4500 |
| 001 - NÚMERO DE CONTROL | |
| campo de control | 169806 |
| 003 - IDENTIFICADOR DE NÚMERO DE CONTROL | |
| campo de control | ES-MaACL |
| 005 - FECHA Y HORA DE LA ÚLTIMA TRANSACCIÓN | |
| campo de control | 20250521063440.0 |
| 008 - DATOS DE LONGITUD FIJA--INFORMACIÓN GENERAL | |
| campo de control de longitud fija | 081201s1897 fr |||| | fre d |
| 080 ## - NÚMERO DE LA CLASIFICACIÓN DECIMAL UNIVERSAL | |
| Número de la Clasificación Decimal Universal | 782.1 |
| 100 1# - ENTRADA PRINCIPAL--NOMBRE DE PERSONA | |
| Nombre de persona | Wagner, Richard, |
| Fechas asociadas al nombre | 1813-1883 |
| 9 (RLIN) | 240522 |
| 245 10 - MENCIÓN DEL TÍTULO | |
| Título | Tannhauser |
| Resto del título | : opéra en trois actes, quatre tableaux / |
| Mención de responsabilidad, etc. | Richard Wagner ; paroles françaises de M. Charles Nuitter. |
| 250 ## - MENCION DE EDICION | |
| Mención de edición | Nouvelle édition conforme á la representation. |
| 260 ## - PUBLICACIÓN, DISTRIBUCIÓN, ETC. | |
| Lugar de publicación, distribución, etc. | Paris : |
| Nombre del editor, distribuidor, etc. | P.- V. Stock, |
| Fecha de publicación, distribución, etc. | 1897. |
| 300 ## - DESCRIPCIÓN FÍSICA | |
| Extensión | 46 p. ; |
| Dimensiones | 18 cm. |
| 500 ## - NOTA GENERAL | |
| Nota general | Solo el texto. |
| 700 1# - ENTRADA AGREGADA--NOMBRE PERSONAL | |
| Nombre de persona | Nuitter, Charles. |
| 9 (RLIN) | 130548 |
| 852 ## - LOCALIZACIÓN | |
| Ubicación | ES-MaACL |
| Número de control de estantería | E-12286(4) |
| itemnumber | R.144186 |
| Nota libre | .- Biblioteca Jacinto Martínez Lacalle |
| Estatus retirado | Estado de pérdida | Estado de daño | No para préstamo | Colección | Biblioteca de origen | Biblioteca actual | Ubicación en estantería | Fecha de adquisición | Fuente de adquisición | Total de préstamos | Signatura topográfica completa | Código de barras | Visto por última vez | Precio de reemplazo | Tipo de ítem Koha |
|---|---|---|---|---|---|---|---|---|---|---|---|---|---|---|---|
| Libros del s. XIX | Biblioteca del Ateneo de Madrid | Biblioteca del Ateneo de Madrid | Depósito 2 | 01/12/2008 | E-12286(4) | 1178276 | 23/02/2023 | 23/02/2023 | Libro impreso antiguo |
